| 000 | 01044nam a22002657a 4500 | ||
|---|---|---|---|
| 999 |
_c8795 _d8795 |
||
| 003 | AR-CdUCM | ||
| 008 | 190326b ||||| |||| 00| 0 spa d | ||
| 040 |
_aMUNICIPALIDAD PROVINCIAL DEL CUSCO _cBIBLIOTECA MUNICIPAL DEL CUSCO |
||
| 082 |
_a869.56 / _bSA25 |
||
| 100 |
_aSantos, Jerónimo _924524 |
||
| 245 | _aKacharisqa pakapas = Mutismo suelto / | ||
| 260 |
_aLima : _bUniversidad Nacional Federico Villarreal, Edit. Universitaria, _bIkono Ediciones, _c1998. |
||
| 300 |
_a119 páginas ; _c20 cm. |
||
| 440 |
_aBiblioteca de cultura quechua contemporánea. _n2 _924525 |
||
| 500 | _aTexto en español y quechua, en páginas opuestas. "Obras premiadas, Cuento y poesía 1997. Tomo 1". | ||
| 505 | _aContenido: Poesías. | ||
| 650 |
_aPoesías peruanas _91481 |
||
| 650 |
_aPoesías quechuas _97576 |
||
| 650 |
_aCuentos quechuas _924526 |
||
| 650 |
_aSiglo XX _98 |
||
| 700 |
_aVillafán Broncano, Macedonio (coautor) _924527 |
||
| 710 |
_aUniversidad Nacional Federico Villarreal (Lima) _924528 |
||
| 942 |
_2ddc _cLIBROS |
||
| 945 | _aachl | ||